000 01038cad a22002295a 4500
001 E153487
008 110802s2009 xxk f 000 0 eng d
020 1 _a9781842194607
035 _a(Sirsi) u153487
041 0 _aeng
100 1 _aMpogole, Moses
245 0 4 _aThe impact of peripheral urban land acquisition on indigenous communities' livelihood and environment around Uluguru mountains, Morogoro, Tanzania
_h[electronic resource]
260 _aLondon
_bRICS
_c2009
490 0 _aRICS Findings in Built and Rural Environments
520 _aAssesses the impact of peripheral urban land acquisition on the livelihood and environment of indigenous communities in the area of the Uluguru Mountains in Morogoro, Tanzania.
521 _aAdvanced
651 4 _aTanzania
690 _aENVIRONMENTAL AND LAND CONSULTANCY-LAND MANAGEMENT
700 1 _aKongela, Sophia
856 4 0 _uhttps://www.rics.org/Global/Downloads/ImpactPeripheralUrbanLandAcquisitionUluguruMountainsTanzania0811.pdf
_zBroken link - not available
942 _n0
999 _c112548
_d112548